Science Quiz

Random Science or Elements Quiz

Periodic table mnemonics: Group 1 Quiz Stats

 Plays Quiz not verified by Sporcle

Support Sporcle.
Go Orange.
Score 0/14 Timer 10:00
0 Plays Today
% Correct
H
100%
Li
98.5%
Na
98.5%
K
98.5%
Hydrogen
96.9%
Sodium
95.4%
Lithium
95.4%
% Correct
Cs
93.8%
Potassium
93.8%
Fr
92.3%
Rb
92.3%
Caesium
89.2%
Rubidium
86.2%
Francium
86.2%

You're not logged in!

Compare scores with friends on all Sporcle quizzes.
OR
Log In

From the Vault

Led Zeppelin Songs by Image

by I-Am-Batman

If Robert Plant ever formed a band with Roger Waters, they'd probably grow a nice garden together.
Remove Ads.
Support Sporcle.
Get the best of Sporcle when you Go Orange. This ad-free experience offers more features, more stats, and more fun while also helping to support Sporcle. Thank you for becoming a member.

Show Comments

Extras

Top Quizzes Today


Score Distribution

Your Account Isn't Verified!

In order to create a playlist on Sporcle, you need to verify the email address you used during registration. Go to your Sporcle Settings to finish the process.

Report this User

Report this user for behavior that violates our Community Guidelines.

Details: